| 000 | 00885cam a2200193 i 4500 | ||
|---|---|---|---|
| 005 | 20251207102741.0 | ||
| 008 | 250721s2006 jo gr 000 0 ara d | ||
| 082 | 1 | 4 |
_a214.61 _bج ز ا |
| 100 | 1 | _aالجزائري، أبي عزير عبد الإله يوسف اليوبي الحسني | |
| 245 | 1 | 0 |
_aمسألة الإيمان في كفتي الميزان / _cتأليف أبي عزير عبد الإله يوسف اليوبي الحسني الجزائري ؛ تقديم فضيله الشيخ د. محمد محمود ابو رحيم. |
| 250 | _aالطبعه الاولى. | ||
| 264 | 3 | 1 |
_aعمان : _bدار المأمون للنشر و التوزيع، _c2006. |
| 300 | _a482 صفحه. | ||
| 650 | 1 | 7 | _aالإيمان. |
| 650 | 1 | 7 | _aأركان الإيمان. |
| 700 | 1 |
_aأبو رحيم، محمد محمود _dمقدم |
|
| 942 |
_2ddc _cBK |
||
| 999 |
_c104742 _d104742 |
||